| 000 | 00477nam a22001817a 4500 | ||
|---|---|---|---|
| 005 | 20251127180132.0 | ||
| 008 | 251124b |||||||| |||| 00| 0 eng d | ||
| 020 | _a978-81-93-2985-2-7 | ||
| 041 | _aeng | ||
| 082 | _a615.3 KUM-P | ||
| 100 |
_aKUMAR, DR. M. SRUJAN _98798 |
||
| 245 | _aPHARMACEUTICS FOR D. PHARMA [1ST YEAR] | ||
| 250 | _a1ST RE PRINT ED. 2020 | ||
| 260 |
_aHYDERABAD _bTAURUS PUBLISHERS |
||
| 300 | _a549;P | ||
| 650 |
_aPHARMACY _xD.PHARMA |
||
| 942 | _cBK | ||
| 999 |
_c8975 _d8973 |
||